Normal view
MARC view
- Pfammatter, Ulrich
Entry Personal Name
001 - CONTROL NUMBER
- control field: 32635
003 - CONTROL NUMBER IDENTIFIER
- control field: NUST
005 - DATE AND TIME OF LATEST TRANSACTION
- control field: 20201019100333.0
008 - FIXED-LENGTH DATA ELEMENTS
- fixed length control field: 201019|| aca||aabn | a|a d
040 ## - CATALOGING SOURCE
- Original cataloging agency: NUST
- Transcribing agency: NUST
100 ## - HEADING--PERSONAL NAME
- Personal name: Pfammatter, Ulrich
670 ## - SOURCE DATA FOUND
- Source citation: Work cat.: (NUST)336: Pfammatter, Ulrich., Building the future :, c2008.
